[Event "RSA-ch op"]
[Site "Durban"]
[Date "2024.06.29"]
[Round "1"]
[White "McManus, Dale"]
[Black "Mgobhozi, Bhekinkosi"]
[Result "0-1"]
[WhiteElo "1633"]
[BlackElo "1999"]
[PlyCount "60"]
[EventDate "2024.06.29"]
[EventType "swiss"]
[EventRounds "11"]
[EventCountry "RSA"]
[SourceTitle "EXT 2025"]
[Source "ChessBase"]
[SourceDate "2024.10.14"]
[SourceVersion "1"]
[SourceVersionDate "2024.10.14"]
[SourceQuality "1"]

1. d4 Nf6 2. c4 e6 3. g3 Bb4+ 4. Nd2 Nc6 5. Ngf3 Ne4 6. Bg2 Nxd2 7. Bxd2 Bxd2+ 8. Qxd2 d6 9. 0-0 0-0 10. Rad1 Qe7 11. e4 e5 12. d5 Nb8 13. h3 a5 14. Nh2 Nd7 15. f4 exf4 16. Rxf4 Ne5 17. Qe2 Bd7 18. Nf1 a4 19. Ne3 Ra5 20. h4 Rc5 21. Kh2 h5 22. Qxh5 Nxc4 23. Nf5 Bxf5 24. exf5 Qf6 25. Re1 Nxb2 26. Re6 fxe6 27. fxe6 Qxe6 28. Rxf8+ Kxf8 29. dxe6 Rxh5 30. Bxb7 Re5 0-1